| 000 | 00838nam a22002177a 4500 | ||
|---|---|---|---|
| 999 |
_c4677 _d4677 |
||
| 003 | AR-CdUCM | ||
| 008 | 190311b ||||| |||| 00| 0 spa d | ||
| 040 |
_aMUNICIPALIDAD PROVINCIAL DEL CUSCO _cBIBLIOTECA MUNICIPAL DEL CUSCO |
||
| 082 |
_23ed. _a800.1 / _bG28 |
||
| 100 |
_aGayol Fernández, Manuel _914539 |
||
| 245 |
_aTeoría literaria : _bun curso elemental sistemático de nueva preceptiva literaria con una parte adicional práctica / |
||
| 260 |
_aLa Habana : _bCultural, _c1952. |
||
| 300 |
_aII Tomos _c23 cm. |
||
| 505 | _aContenido : t.1 : Elocucion general y arte metrica -- t.2 : El estilo -- Los géneros literarios -- La poesía épica -- Géneros épicos... | ||
| 650 |
_aPoesía _9444 |
||
| 650 |
_aÉpica _95908 |
||
| 650 |
_aLiteratura _9416 |
||
| 650 |
_aTeoría _95077 |
||
| 942 |
_2ddc _cLIBROS |
||
| 945 | _admma | ||